00277nam a2200121Ia 4500008004100000082001600041100001500057245003100072250000800103260002800111300000800139650000800147191201s2007 xx 000 0 und d a658.87bCOR aCOX, Roger 0aRetailing: An Introduction aIMP aN. DelhibPearsonc2007 a348 aBBA